000 00568nam a22002177a 4500
003 OSt
005 20260601141226.0
008 260601b |||||||| |||| 00| 0 eng d
020 _a978-81-965105-7-2
040 _cSBCL
082 _a894.8123
_bTHO-E
100 _aThomas,Anshine
245 _aEzham Branthan
250 _a5th ed.
260 _aCalicut
_bMankind Publications
_c2024
300 _a128 p.
630 _x Literature & rhetoric
650 _a Literatures of other languages
650 _a Altaic, Uralic, Hyperborean & Dravidian
942 _cBOOK
999 _c138323
_d138323